000 00457nam a2200133Ia 4500
008 220216s9999 xx 000 0 und d
100 _aOta Hisanori
245 4 _aThe Morphological observation of vulcanized glove film
260 _b2nd International Rubber Glove Conference and Exhibition, Technical Papers, 29 June - 1 July, 2004, Kuala Lumpur, Malaysia.
650 _aCompounding
650 _aDipping
650 _aVulcanized glove film
942 _cJS
999 _c70866
_d70866